=LDR 00000nam 2200000 4500 =001 NUTBA000000000005247 =005 20210722105806 =035 ##$$a 0010-101400000000477 =008 210722################g##########0#ind## =020 ##$$a 978-602-223-029-8 =040 ##$$a NBPDMAT =082 ##$$a R.300.3 =090 ##$$a R.300.3 $b Umi e =100 ##$$a Umi Habibah =245 1#$$a Ensiklopedia IPS Jilid I /$c Umi Habibah =250 ##$$a Cet. 2 =260 ##$$a Jakarta :$b Multazam Mulia Utama,$c 2012 =300 ##$$a iv, 105 hlm. : $b ilus. ; $c 30 x 21,5 cm. =500 ##$$a Bibliografi : hlm. 104-105 =650 #4$$a IPS - Ensiklopedia =850 ##$$a NBPDMAT =084 ##$$a R.300.3 UMI e =990 ##$$a 21415307 =990 ##$$a 21415308 =990 ##$$a 21415309 =990 ##$$a 21415310 =990 ##$$a 21415311